000 00971nam a22002055i 4500
001 157122
003 ES-MaACL
005 20250824063053.0
008 000120s1876 sp |||| | spa d
040 _aCAM
_bspa
_cCAM
100 1 _aLarra y Wetoret, Luis Mariano de,
_d1830-1901
_970289
245 1 4 _aLos pajes del rey
_b: zarzuela en dos actos y en verso /
_cletra de Luis Mariano de Larra ; música del maestro Oudrid.
260 _aMadrid :
_b[s.n.],
_c1876 (
_fImprenta de José Rodriguez)
300 _a64 p. ;
_c19 cm.
500 _aEn port.: Representada en el Teatro de la Zarzuela el día 20 de octubre de 1876.
500 _aSolo la letra.
700 0 _aOudrid, Cristóbal.
_987969
852 _aES-MaACL
_jF-8608(10)
_z-- Enc. pasta española
_q-- Falto de la cub. original
_z-- Enc. en un vol. facticio formando parte de la col. facticia "Teatro español moderno", vol. 63
_z.- Firma ms. de Gustavo Saenz Diez, 1877
999 _c157122
_d157122